| 000 | 00917cam a2200241 a 4500 | ||
|---|---|---|---|
| 003 | OSt | ||
| 005 | 20210818181434.0 | ||
| 008 | 160901s2010 ck ad||fr|||| 00| 0 spa d | ||
| 020 | _a9789589948347 | ||
| 040 | _bspa | ||
| 041 | _aspa | ||
| 082 |
_a512.5 _bR791a |
||
| 100 |
_948724 _aRojas D, Luz Maria |
||
| 245 |
_aÁlgebra y programación lineal con aplicaciones en Ciencias Administrativas _cLuz Maria Rojas D., Jaime Alberto Echeverri B., José Gerardo Cardona Toro |
||
| 260 |
_aPereira _bFundación Universitaria del Área Andina _c2010 |
||
| 300 |
_a228 páginas, _bilustraciones, gráficas, diagramas, _c24 cm |
||
| 504 | _aIncluye bibliografía | ||
| 650 | 0 |
_912228 _aAlgebras Lineales |
|
| 650 | 0 |
_942008 _aProgramación Lineal |
|
| 700 |
_948725 _aEcheverri B, Jaime Alberto |
||
| 700 |
_948726 _aCardona Toro, José Gerardo |
||
| 942 |
_2ddc _h512.5 R791a _k512.5 _mR791a |
||
| 999 |
_c10477 _d10477 |
||